Cleveland Cavaliers All Stars: NBA - Statistics

General Stats
  • This quiz has been taken 20 times
  • The average score is 11 of 20
Answer Stats
Career Career With Cavaliers All Stars Player % Correct
2018- 2023- 5x Donovan Mitchell
100%
2004- 2004-2010, 2015-2018 20x LeBron James
100%
1979-1988 1979-1982 1x Mike Mitchell
100%
2020- 2020- 1x Darius Garland
87%
2012- 2012-2017 8x Kyrie Irving
87%
1987-1998 1987-1995 4x Mark Price
87%
2009- 2015-2023 5x Kevin Love
80%
1987-1994 1987-1994 5x Brad Daugherty
73%
2018- 2021- 1x Jarrett Allen
73%
1998-2011 1998-2010 2x Zydrunas Ilgauskas
73%
1982-1994 1988-1994 3x Larry Nance
60%
2004-2016 2009-2011, 2016 1x Mo Williams
47%
1990-2003 1998-2000 6x Shawn Kemp
47%
1972-1981 1972-1980 1x Austin Carr
40%
1961-1975 1973-1974 9x Lenny Wilkens
27%
1970-1979 1972, 1976 1x Butch Beard
0%
1975-1985 1975-1980, 1985 1x Campy Russell
0%
1971-1982 1971-1973 2x John Johnson
0%
1992-2002 1992-2007 2x Terrell Brandon
0%
1991-2004 1994-1997, 2002-2003 1x Tyrone Hill
0%
No matching quizzes found
Score Distribution
Percent of People with Each Score
Percentile by Number Answered
Your Score History
You have not taken this quiz